| 000 | 00380nam a22001577a 4500 | ||
|---|---|---|---|
| 003 | CEME | ||
| 005 | 20210628202429.0 | ||
| 008 | 210106b xxu||||| |||| 00| 0 eng d | ||
| 040 | _cceme | ||
| 082 | _a613.66 MUH | ||
| 100 |
_aBrig Muhammad Mashallah _959874 |
||
| 245 | _aApni hefazat app | ||
| 260 |
_aMULTAN _bALTAF PRINTING PRESS _c2011 |
||
| 300 | _a228P | ||
| 942 |
_cBK _2ddc |
||
| 999 |
_c569751 _d569751 |
||